000 00658nam a2200169 a 4500
008 080926s2007 ||||||||||||||||| || u
050 _aIBRD(08)PRWP
100 _aHegre, Havard
245 1 0 _aPopulation size, concentration, and civil war: a geographically disaggregated analysis
260 _aWashington, D.C.
_bWorld Bank
_c2007
300 _a36p.
350 _a0.00
490 _aWorld Bank policy research working papers
700 _aRaleigh, Clionadh
710 _aWorld Bank
995 _D0.00
_FCBU-MAIN LIBRARY (Kitwe)
_H1
_I0.00
_M4243
_UAVAILABLE
_WSep 26, 2008
_ZInternational Publications
999 _c54033
_d54033